000
00258nam a2200097Ia 4500
001
689270
005
20250826161631.0
008
250824s9999 xx 000 0 und d
245
0
_a
ÖTEKİ BEN (ANTİK YENİ)
_c
DOSTOYEVSKİ
260
_b
ANTİK DÜNYA KLASİKLERİ
999
_c
689270
_d
689270